000 00395nam a2200133Ia 4500
005 20260328101453.0
008 260328s9999||||xx |||||||||||||| ||und||
100 _aCarstens, Diana Y.
245 0 _aSite Planning and Design for the elderly :
_b Issues, Guidelinesn and alternatives /
_cDiana Y. Carstens
260 _bJohn Wiley & Sons
300 _a170 p.
650 _aTERCERA EDAD
942 _cBK
999 _c8735
_d8735